000004016 001__ 4016 000004016 005__ 20260410141727.0 000004016 0247_ $$2DOI$$a10.6083/hd76s033d 000004016 037__ $$aIR 000004016 245__ $$aInduction and synthesis for automatic program transformation 000004016 269__ $$a1994 000004016 336__ $$aArticle 000004016 520__ $$acse-94-022 000004016 540__ $$fCC BY 000004016 542__ $$fIn copyright - single owner 000004016 691__ $$aOregon Graduate Institute 000004016 7001_ $$aBellegarde, Francoise 000004016 8564_ $$94814150d-89af-444b-835f-e141fc4d4295$$s90540$$uhttps://digitalcollections.ohsu.edu/record/4016/files/csetech-333.pdf$$ePublic$$2afeb49ec5582f3bedb29c8bddce43b4e$$31 000004016 901__ $$a<p>These documents are archival records. They are retained for historical reference only. </p><p><b>Need an accessible version? Use the "Get Accessible Copy" link above.</b></p> 000004016 905__ $$a/rest/prod/hd/76/s0/33/hd76s033d 000004016 956__ $$aGet Accessible Copy$$uhttps://ohsu.libwizard.com/f/requestaccessibledocument 000004016 980__ $$aScholars Archive